Normal view MARC view
  • Mannering, Fred L

Entry Personal Name

Number of records used in: 5

001 - CONTROL NUMBER

  • control field: 38445

003 - CONTROL NUMBER IDENTIFIER

  • control field: NUST

005 - DATE AND TIME OF LATEST TRANSACTION

  • control field: 20210314130723.0

008 - FIXED-LENGTH DATA ELEMENTS

  • fixed length control field: 210314|| aca||aabn | a|a d

040 ## - CATALOGING SOURCE

  • Original cataloging agency: NUST
  • Transcribing agency: NUST

100 ## - HEADING--PERSONAL NAME

  • Personal name: Mannering, Fred L

670 ## - SOURCE DATA FOUND

  • Source citation: Work cat.: (NUST): Washington, Simon. 38441, Statistical and econometric methods for transportation data analysis /, c2011.
© 2023 Central Library, National University of Sciences and Technology. All Rights Reserved.